000 00220nam a2200097Ia 4500
005 20251222141911.0
008 251222s9999||||xx |||||||||||||| ||spa||
082 _a318.522/I59C
245 0 _aConociendo Huánuco
942 _cLIB
999 _c8404
_d8404